000 00538nam a2200229 a 4500
001 nice12345678
003 IN_TiNIC
005 20260116011918.0
008 050524s1975 lona grp 000 0 eng
020 _a
_c24
082 0 0 _a909
_bDAV
100 _aDavies, H A
245 _aOUTLINE HISTORY OF the WORLD
260 _aLondan
_bOxford University Press
_c1975
300 _a588p
500 _aincludes index and biblioraphy
505 2 _aIndex
700 1 _aDavies, H A
902 _bSRS
942 _cBK
999 _c4892
_d4892